Sobre Barbara Loden
Spremljeno u:
| Glavni autor: | |
|---|---|
| Daljnji autori: | , |
| Format: | Nepoznato |
| Jezik: | engleski |
| Izdano: |
Buenos Aires, Argentina:
Chai editora,
2021
|
| Izdanje: | Primera edición |
| Teme: | |
| Oznake: |
Dodaj oznaku
Bez oznaka, Budi prvi tko označuje ovaj zapis!
|
MARC
| LEADER | 00000 a2200000 4500 | ||
|---|---|---|---|
| 003 | CL-VaPUC | ||
| 005 | 20240328123821.0 | ||
| 008 | 240314t2021 ||||| |||| 00| 0 eng d | ||
| 999 | |c 443130 |d 443128 | ||
| 020 | |a 9789874801210 | ||
| 040 | |c Pontificia Universidad Católica de Valparaíso | ||
| 082 | 0 | 4 | |2 22 |a 791.43092 LEG 2021 |
| 100 | 1 | |a Léger, Nathalie |e autora |9 887727 | |
| 245 | 1 | 0 | |a Sobre Barbara Loden |
| 246 | |a Supplément a la vie de Barbara Loden | ||
| 250 | |a Primera edición | ||
| 260 | |a Buenos Aires, Argentina: |b Chai editora, |c 2021 | ||
| 300 | |a 101 páginas | ||
| 583 | |k GC |c 20240314 | ||
| 600 | |a Loden, Barbara |d 1932-1980 |9 887728 |e Actriz y cineasta | ||
| 650 | 1 | |a Cine contemporáneo |9 870890 | |
| 650 | 1 | |a Literatura francesa |x Biografías |9 887729 | |
| 700 | |a Greff-Santamaria, Nathalie |e traductora |9 887730 | ||
| 700 | |a Maez, Horacio |e traductor |9 887731 | ||
| 942 | |2 ddc |c BK | ||
| 952 | |0 0 |1 0 |2 ddc |4 0 |6 791_430920000000000_LEG_2021 |7 0 |8 A |9 593640 |a BIBART |b BIBART |d 2024-03-13 |e 135 |g 16900.00 |i 5660348 |o 791.43092 LEG 2021 |p 5660348 |r 2025-03-13 |t 1 |v 16900.00 |w 2024-03-13 |y BK |k ART | ||